|
|
|
|
| LEADER |
00606nam a22001577a 4500 |
| 020 |
|
|
|a 9788183212076
|
| 082 |
|
|
|a 632.9517 gup/in
|
| 100 |
|
|
|a HCL Gupta
|
| 245 |
|
|
|a Insecticides:toxology and uses
|
| 250 |
|
|
|a III
|
| 260 |
|
|
|a udaipur
|b agrotech
|c 1999
|
| 300 |
|
|
|a 382
|
| 650 |
|
|
|a classification and formulation
|a inorganic insecticides
|a natural occuring insecticides
|a organochlorines
|a miscellaneous insecticides
|
| 942 |
|
|
|c BK
|
| 999 |
|
|
|c 168286
|d 168286
|
| 952 |
|
|
|0 0
|1 0
|4 0
|6 632_951700000000000_GUP_IN
|7 0
|9 172703
|a KAUCOAP
|b KAUCOAP
|d 2016-01-22
|l 1
|o 632.9517 gup/in
|p KAU_COAP07446
|r 2019-02-12
|s 2019-01-19
|w 2016-01-22
|y BK
|